000 00650nam a22002177a 4500
003 NALT
005 20220815160048.0
008 s2005 eng d
020 _a082472383X
040 _aNALT
041 _aeng
090 _aKS 107.U6
_bP37 2005
245 0 0 _aPatent law for scientists and engineers /
_c edited by Avery N. Goldstein.
260 _aBoca Raton :
_bTaylor & Francis,
_c2005
300 _a272 p. ;
_c24 cm.
650 0 4 _aPatent laws and legislation -- United States
650 0 4 _aPatent laws and legislation -- United States
700 1 _aGoldstein, Avery N.
_958745
850 _aNALT
942 _cLB
_2local
999 _c48118
_d48118
998 _j109
_k นางสาวอารีรัตน์ วิชาช่าง